000 00632nab a2200229 a 4500
001 23384
003 76927
005 20201118100322.0
008 ||||||n9999 ||| || ||
041 _aspa
245 0 _aEl sistema general de pensiones: el SGP en preguntas :
_bpp.21
260 _aBogotá :
_bRetina,
_c1994.
300 _app. 21-31
562 _e0
650 _aANALISIS CONCEPTUAL
650 _aBIENESTAR SOCIAL
650 _aCOLOMBIA
650 _aFONDOS DE PENSIONES Y CESANTIAS
650 _aSISTEMA GENERAL DE SEGURIDAD SOCIAL EN SALUD
773 _023383
_aSintesis Economica - No.902
942 _cSART
999 _c23384
_d23384